[Event "Goiania Goias Cup"]
[Site "Goiania"]
[Date "2016.10.15"]
[Round "4"]
[White "Diamant, Andre"]
[Black "De Paula, Rafael Figueiredo"]
[Result "1-0"]
[WhiteElo "2499"]
[BlackElo "2249"]
[PlyCount "107"]
[EventDate "2016.10.14"]
[EventType "swiss"]
[EventRounds "6"]
[EventCountry "BRA"]
[SourceTitle "CBM 175 Extra"]
[Source "ChessBase"]
[SourceDate "2016.12.12"]
[SourceVersion "1"]
[SourceVersionDate "2016.12.12"]
[SourceQuality "1"]

1. c4 Nf6 2. Nc3 c5 3. Nf3 e6 4. e3 d5 5. d4 a6 6. cxd5 exd5 7. Be2 Nc6 8. 0-0 cxd4 9. Nxd4 Bd6 10. Bf3 Be5 11. Nce2 0-0 12. b3 Be6 13. Bb2 Qc7 14. g3 Rad8 15. Rc1 Bh3 16. Re1 Rfe8 17. Qc2 Nxd4 18. Bxd4 Qxc2 19. Rxc2 Bf5 20. Rcc1 Be4 21. Bxe5 Rxe5 22. Nd4 Bxf3 23. Nxf3 Re7 24. Nd4 Kf8 25. Kg2 g6 26. Rc2 Red7 27. Rec1 Ke7 28. h3 h5 29. a4 Ne4 30. f3 Ng5 31. g4 hxg4 32. hxg4 Ne6 33. Rd1 Rc7 34. Rxc7+ Nxc7 35. Kg3 Ne6 36. Ne2 Rd6 37. a5 Rd8 38. b4 Kd6 39. e4 Ke5 40. g5 d4 41. Nc1 Nf4 42. Nb3 Rh8 43. Nc5 Ne2+ 44. Kg4 Rh2 45. Nd3+ Kd6 46. Nf4 Ke5 47. Rd2 d3 48. Nxd3+ Kd4 49. Nf4+ Kc3 50. Rxe2 Rxe2 51. Nxe2+ Kxb4 52. f4 Kxa5 53. f5 Kb6 54. e5 1-0

[Event "Goiania Goias Cup"]
[Site "Goiania"]
[Date "2016.10.14"]
[Round "1"]
[White "De Paula, Rafael Figueiredo"]
[Black "Santos, Luciano da Silva"]
[Result "1-0"]
[WhiteElo "2249"]
[BlackElo "1886"]
[PlyCount "69"]
[EventDate "2016.10.14"]
[EventType "swiss"]
[EventRounds "6"]
[EventCountry "BRA"]
[SourceTitle "CBM 175 Extra"]
[Source "ChessBase"]
[SourceDate "2016.12.12"]
[SourceVersion "1"]
[SourceVersionDate "2016.12.12"]
[SourceQuality "1"]

1. d4 Nf6 2. Nc3 d5 3. Bg5 e6 4. e4 dxe4 5. Nxe4 Be7 6. Bxf6 Bxf6 7. Nf3 0-0 8. Qd2 Nd7 9. 0-0-0 g6 10. Nxf6+ Qxf6 11. h4 c5 12. d5 exd5 13. Qxd5 a6 14. h5 Qf4+ 15. Kb1 Nf6 16. Qxc5 Nxh5 17. Rd4 Qf6 18. Bd3 Nf4 19. Qg5 Qxg5 20. Nxg5 Nxd3 21. cxd3 h5 22. f3 f6 23. Ne4 Kg7 24. Rc1 b5 25. Rc7+ Kh6 26. Rd6 Bf5 27. Rcc6 Bxe4 28. dxe4 Kg5 29. g3 Rae8 30. Rxa6 h4 31. gxh4+ Kxh4 32. Rxf6 Rxf6 33. Rxf6 Kg5 34. Rf7 Re6 35. e5 1-0

[Event "Brasilia Terraviva op"]
[Site "Brasilia"]
[Date "2016.04.21"]
[Round "2"]
[White "Stivanelli, Leonardo Alexandre"]
[Black "De Paula, Rafael Figueiredo"]
[Result "0-1"]
[WhiteElo "1958"]
[BlackElo "2259"]
[PlyCount "66"]
[EventDate "2016.04.21"]
[EventType "swiss"]
[EventRounds "7"]
[EventCountry "BRA"]
[SourceTitle "CBM 172 Extra"]
[Source "ChessBase"]
[SourceDate "2016.06.21"]
[SourceVersion "1"]
[SourceVersionDate "2016.06.21"]
[SourceQuality "1"]

1. d4 f5 2. Nf3 Nf6 3. g3 g6 4. Bg2 Bg7 5. Nbd2 0-0 6. 0-0 d6 7. b3 Nc6 8. Bb2 e5 9. dxe5 Ng4 10. h3 Ngxe5 11. Nd4 Nxd4 12. Bxd4 f4 13. Nc4 Qg5 14. h4 Qe7 15. Qd2 c6 16. Rad1 Be6 17. Qc3 Bxc4 18. bxc4 c5 19. Bxe5 Bxe5 20. Qd3 Rab8 21. Rb1 b6 22. Bd5+ Kh8 23. Kg2 Qf6 24. Qf3 Qe7 25. Qe4 Rf5 26. g4 Qxh4 27. Rh1 Qxg4+ 28. Kf1 Rh5 29. Rxh5 Qxh5 30. a4 Rf8 31. Qg2 Rf5 32. Bf3 Qh4 33. Bg4 Rg5 0-1

[Event "Sao Paulo op-A U2300 4th"]
[Site "Sao Paulo"]
[Date "2016.03.27"]
[Round "6"]
[White "Queiroz, Alberto Becker"]
[Black "De Paula, Rafael Figueiredo"]
[Result "0-1"]
[WhiteElo "2175"]
[BlackElo "2257"]
[PlyCount "110"]
[EventDate "2016.03.24"]
[EventType "swiss"]
[EventRounds "7"]
[EventCountry "BRA"]
[SourceTitle "CBM 171 Extra"]
[Source "ChessBase"]
[SourceDate "2016.04.26"]
[SourceVersion "1"]
[SourceVersionDate "2016.04.26"]
[SourceQuality "1"]

1. e4 e5 2. f4 d5 3. exd5 c6 4. Nc3 exf4 5. Nf3 Bd6 6. Bc4 Ne7 7. d4 0-0 8. 0-0 Bg4 9. Qe1 Qb6 10. Qf2 Bxf3 11. gxf3 cxd5 12. Nxd5 Nxd5 13. Bxd5 Nc6 14. c3 Ne7 15. Bb3 Nf5 16. Bd2 a5 17. Rae1 g6 18. Bc1 a4 19. Bc4 Ra5 20. Bd3 Ne3 21. Bxe3 fxe3 22. Rxe3 Bf4 23. Re4 Qf6 24. Qc2 Rg5+ 25. Kh1 Rh5 26. Re2 Ra8 27. Bc4 Qc6 28. b3 Re8 29. d5 Rxe2 30. Qxe2 Qc7 31. Rf2 axb3 32. axb3 b5 33. Bxb5 Qxc3 34. Qc4 Qe1+ 35. Qf1 Qe5 36. Qe2 Qa1+ 37. Qf1 Qe5 38. Qe2 Qxd5 39. Bc4 Qd7 40. Qf1 Qc7 41. Qe2 Bg3 42. Rg2 Re5 43. Qc2 Bf4 44. Re2 Rh5 45. Qb2 Be5 46. Qc2 Kg7 47. Qd2 h6 48. Qc2 Qa7 49. Qd1 Qb8 50. Qc2 Qb6 51. Qd3 Qf6 52. Qe4 Bf4 53. Qb1 Bxh2 54. Qe4 Bf4+ 55. Kg1 Qb6+ 0-1

[Event "Sao Paulo op-A U2300 4th"]
[Site "Sao Paulo"]
[Date "2016.03.26"]
[Round "5"]
[White "De Paula, Rafael Figueiredo"]
[Black "De Oliveira, Jonathan"]
[Result "1-0"]
[WhiteElo "2257"]
[BlackElo "2156"]
[PlyCount "97"]
[EventDate "2016.03.24"]
[EventType "swiss"]
[EventRounds "7"]
[EventCountry "BRA"]
[SourceTitle "CBM 171 Extra"]
[Source "ChessBase"]
[SourceDate "2016.04.26"]
[SourceVersion "1"]
[SourceVersionDate "2016.04.26"]
[SourceQuality "1"]

1. d4 Nf6 2. Nc3 d5 3. Bg5 Bf5 4. Bxf6 gxf6 5. e3 e6 6. Bd3 Bg6 7. h4 Nd7 8. h5 Bxd3 9. Qxd3 f5 10. 0-0-0 Rg8 11. g3 c6 12. Nge2 Qa5 13. Rdg1 Nf6 14. f3 0-0-0 15. Kb1 h6 16. e4 dxe4 17. fxe4 Rg4 18. exf5 e5 19. Qc4 Rd7 20. Rd1 exd4 21. Rxd4 Qxf5 22. Rxg4 Nxg4 23. Nd4 Qc5 24. Qxc5 Bxc5 25. Nf5 Bf8 26. Kc1 Kc7 27. Rh4 Nf6 28. Ne4 Rd5 29. Ne3 Nxe4 30. Rxe4 Rxh5 31. Rf4 Bc5 32. Rxf7+ Kd6 33. Kd2 Rh2+ 34. Kd3 b5 35. Rf6+ Kd7 36. Ng4 Rh3 37. Ne5+ Ke7 38. Rg6 Bd6 39. Nxc6+ Kd7 40. Nxa7 b4 41. c4 Bxg3 42. Ke4 Bf2 43. Nc6 Be1 44. Ne5+ Kc7 45. c5 Bd2 46. Rg7+ Kc8 47. Nc4 Rh4+ 48. Kd5 Bf4 49. Nb6+ 1-0

[Event "Sao Paulo op-A U2300 4th"]
[Site "Sao Paulo"]
[Date "2016.03.25"]
[Round "2"]
[White "Desideri, Ricardo Maruchi"]
[Black "De Paula, Rafael Figueiredo"]
[Result "0-1"]
[WhiteElo "1976"]
[BlackElo "2257"]
[PlyCount "94"]
[EventDate "2016.03.24"]
[EventType "swiss"]
[EventRounds "7"]
[EventCountry "BRA"]
[SourceTitle "CBM 171 Extra"]
[Source "ChessBase"]
[SourceDate "2016.04.26"]
[SourceVersion "1"]
[SourceVersionDate "2016.04.26"]
[SourceQuality "1"]

1. e4 e6 2. d4 d5 3. e5 c5 4. c3 Qb6 5. Nf3 Nc6 6. Be2 cxd4 7. cxd4 Nh6 8. Bd3 Bd7 9. Bc2 g6 10. Nc3 Nf5 11. Bxf5 gxf5 12. Rb1 Rg8 13. 0-0 Be7 14. b4 Nxb4 15. a3 Qc7 16. Bd2 Nc6 17. Nb5 Qb8 18. Re1 a6 19. Nd6+ Bxd6 20. exd6 Qxd6 21. Rxb7 Rb8 22. Qb1 Rxb7 23. Qxb7 Qxa3 24. Qa8+ Nd8 25. Ne5 Qa4 26. Qb8 f6 27. Nxd7 Qxd7 28. Rc1 Qb5 29. Qd6 Qd7 30. Qxa6 Qb7 31. Qa5 Nc6 32. Qc5 Ne7 33. Qd6 Qd7 34. Qa6 Kf7 35. Rb1 Rc8 36. h4 Rc4 37. Rb7 Rc7 38. Rb6 Rc6 39. Qb5 Qd6 40. Rb7 Rc7 41. Rb8 Qd7 42. Qe2 Rc8 43. Qh5+ Kg8 44. Rb3 Qe8 45. Rg3+ Kh8 46. Bg5 fxg5 47. Qxg5 Qf7 0-1

[Event "Goiania Gomes Memorial"]
[Site "Goiania"]
[Date "2015.11.29"]
[Round "3"]
[White "Correa, Lorenna Martins"]
[Black "De Paula, Rafael Figueiredo"]
[Result "0-1"]
[WhiteElo "1624"]
[BlackElo "2243"]
[PlyCount "102"]
[EventDate "2015.11.28"]
[EventType "tourn"]
[EventRounds "9"]
[EventCountry "BRA"]
[SourceTitle "CBM 170 Extra"]
[Source "ChessBase"]
[SourceDate "2016.02.25"]
[SourceVersion "1"]
[SourceVersionDate "2016.02.25"]
[SourceQuality "1"]

1. d4 Nf6 2. c4 c5 3. d5 b5 4. cxb5 a6 5. bxa6 Bxa6 6. g3 d6 7. Bg2 g6 8. Nf3 Bg7 9. 0-0 Nbd7 10. Nc3 Nb6 11. Rb1 Bc4 12. Nd2 Bxa2 13. Nxa2 Rxa2 14. Qb3 Ra4 15. e4 0-0 16. Qc2 Qa8 17. Nb3 Rc4 18. Qd3 Rb4 19. Nd2 Ng4 20. Qa3 Qb7 21. h3 Ra8 22. Qd3 Ne5 23. Qe2 Nec4 24. Nf3 Ra2 25. Bf4 Na3 26. Ra1 Raxb2 27. Qd3 R2b3 28. Qe2 Bxa1 29. Rxa1 Rb1+ 30. Rxb1 Rxb1+ 31. Kh2 Nbc4 32. e5 Qb2 33. Qe4 Qc2 34. Qxc2 Nxc2 35. exd6 exd6 36. Ng5 Ne1 37. Bh1 Nd3 38. Be3 Nxe3 39. fxe3 Nf2 40. Bg2 Re1 41. e4 h6 42. Nf3 Rxe4 43. Nd2 Rd4 44. Nb3 Rd3 45. Nc1 Rd1 46. Ne2 Rd2 47. Nf4 Nd3 48. Nxd3 Rxd3 49. g4 c4 50. Be4 Rd4 51. Bf3 c3 0-1

[Event "Goiania Gomes Memorial"]
[Site "Goiania"]
[Date "2015.11.28"]
[Round "2"]
[White "De Paula, Rafael Figueiredo"]
[Black "Froes, Leonardo Sanches"]
[Result "1-0"]
[WhiteElo "2243"]
[BlackElo "1980"]
[PlyCount "125"]
[EventDate "2015.11.28"]
[EventType "tourn"]
[EventRounds "9"]
[EventCountry "BRA"]
[SourceTitle "CBM 170 Extra"]
[Source "ChessBase"]
[SourceDate "2016.02.25"]
[SourceVersion "1"]
[SourceVersionDate "2016.02.25"]
[SourceQuality "1"]

1. c4 Nf6 2. g3 g6 3. Bg2 Bg7 4. Nc3 0-0 5. Nf3 d6 6. 0-0 a6 7. Rb1 c5 8. a3 Bf5 9. d3 Nc6 10. b4 b6 11. Nh4 Rc8 12. Nxf5 gxf5 13. bxc5 bxc5 14. Qa4 Qc7 15. Qxa6 Qa5 16. Qxa5 Nxa5 17. Bg5 h6 18. Bxf6 Bxf6 19. Nd5 Kg7 20. Rb6 Rb8 21. Rfb1 Rxb6 22. Rxb6 Rc8 23. Kf1 e6 24. Nxf6 Kxf6 25. Ke1 Ke7 26. Ra6 Nb3 27. Ra7+ Kf6 28. e3 Rb8 29. Kd1 Rb6 30. Bf3 Kg6 31. a4 Na1 32. Kc1 Nb3+ 33. Kd1 Na1 34. a5 Rb1+ 35. Ke2 Rb2+ 36. Ke1 Rb1+ 37. Bd1 Nc2+ 38. Kd2 Nb4 39. Rb7 Ra1 40. Rb5 Nxd3 41. Kxd3 Rxd1+ 42. Kc2 Ra1 43. Kb2 Ra4 44. Kb3 Ra1 45. Rb6 Rxa5 46. Rxd6 Ra1 47. Rc6 Rf1 48. Rxc5 Rxf2 49. Ra5 Rf3 50. c5 Rxe3+ 51. Kb4 Re2 52. c6 Rb2+ 53. Kc5 Rc2+ 54. Kb6 f6 55. c7 Rxc7 56. Kxc7 Kg5 57. Kd6 e5 58. Ke6 f4 59. gxf4+ Kxf4 60. Kxf6 e4 61. h4 e3 62. h5 e2 63. Re5 1-0

[Event "Anapolis STD op"]
[Site "Anapolis"]
[Date "2015.08.14"]
[Round "1"]
[White "De Paula, Rafael Figueiredo"]
[Black "Braga, Marcelo Melem"]
[Result "1-0"]
[WhiteElo "2240"]
[BlackElo "1683"]
[PlyCount "69"]
[EventDate "2015.08.14"]
[EventType "swiss"]
[EventRounds "6"]
[EventCountry "BRA"]
[SourceTitle "EXT 2016"]
[Source "ChessBase"]
[SourceDate "2015.10.08"]
[SourceVersion "1"]
[SourceVersionDate "2015.10.08"]
[SourceQuality "1"]

1. c4 c5 2. g3 g6 3. Bg2 Bg7 4. Nc3 Nc6 5. e3 e6 6. Nge2 Nge7 7. 0-0 0-0 8. d4 d5 9. cxd5 cxd4 10. dxc6 dxc3 11. cxb7 cxb2 12. Bxb2 Bxb7 13. Bxb7 Bxb2 14. Rb1 Qxd1 15. Rfxd1 Bg7 16. Bxa8 Rxa8 17. Rd7 Nc6 18. f4 a5 19. Rbb7 Rf8 20. a3 Nd8 21. Rb8 Nc6 22. Rbb7 Nd8 23. Rbc7 e5 24. Rc5 exf4 25. gxf4 Re8 26. Rxa5 Nc6 27. Rc5 Nb8 28. Rd3 Na6 29. Rcd5 Bb2 30. Rd8 Kf8 31. Rxe8+ Kxe8 32. Rd2 Ba1 33. a4 Nc5 34. a5 Ne4 35. Ra2 1-0

[Event "Cuiaba Contaud op"]
[Site "Cuiaba"]
[Date "2014.05.03"]
[Round "4"]
[White "Stivanelli, Leonardo Alexandre"]
[Black "De Paula, Rafael Figueiredo"]
[Result "0-1"]
[WhiteElo "2012"]
[BlackElo "2236"]
[PlyCount "110"]
[EventDate "2014.05.01"]
[EventType "swiss"]
[EventRounds "6"]
[EventCountry "BRA"]
[SourceTitle "CBM 160 Extra"]
[Source "ChessBase"]
[SourceDate "2014.07.01"]
[SourceVersion "1"]
[SourceVersionDate "2014.07.01"]
[SourceQuality "1"]

1. d4 Nf6 2. Nf3 g6 3. e3 Bg7 4. Bd3 d6 5. 0-0 0-0 6. Nbd2 Nc6 7. e4 e5 8. c3 Nh5 9. dxe5 dxe5 10. Qc2 Nf4 11. Bb5 Qf6 12. Re1 Bg4 13. g3 Nh3+ 14. Kg2 Rad8 15. Be2 g5 16. Nc4 Be6 17. Be3 Qg6 18. Bc5 Rfe8 19. Rad1 Bf6 20. Ng1 Nxg1 21. Kxg1 b6 22. Ba3 Nb8 23. Ne3 h5 24. b3 g4 25. Bc4 Bxc4 26. bxc4 Bg5 27. Nf5 c5 28. Rd5 Nc6 29. Bc1 Ne7 30. Nxe7+ Bxe7 31. Red1 Bf6 32. Be3 Kg7 33. Qd3 Rh8 34. h4 gxh3 35. Kh2 Qg4 36. f3 Qg6 37. Rg1 Kh7 38. Kxh3 Rhg8 39. Qe2 h4 40. g4 Rxd5 41. cxd5 Bg5 42. Rd1 Rd8 43. c4 f6 44. a4 Qh6 45. Bf2 a5 46. Rb1 Rd6 47. Rb3 Bd2 48. Rd3 Bg5 49. Rb3 Bd2 50. Rd3 Bg5 51. Qb2 Qf8 52. Rb3 Qd8 53. Bxh4 Bxh4 54. Kxh4 f5+ 55. g5 Rh6+ 0-1